| 000 | 00387nam a2200145 i 4500 | ||
|---|---|---|---|
| 001 | bg | ||
| 100 | 1 | _aBELL, James F. | |
| 245 | 0 |
_aEksperimental'nye osnovy mechaniki deformiruemych tverdych tel. C.2,Konečnye deformacii / _cDż.F. Bell. |
|
| 260 |
_aMoskva, _c1984. |
||
| 040 | _cBPK | ||
| 041 | _apol | ||
| 080 | _a539.3 | ||
| 942 | _cKS | ||
| 008 | s pl f |000 0 pol | ||
| 999 |
_c23014 _d23014 |
||